Dates : Histoire de la Chine - Statistiques

Statistiques générales
  • Ce quiz a été pris 71 fois
  • Le résultat moyen est 5 sur 20
Statistiques - réponses
Evénements Dates % Correct
Proclamation de la République Populaire de Chine 1949
67%
La Chine rejoint l'OMC 2001
63%
Proclamation de la République de Chine 1912
47%
Début de la dynastie Qing 1644
43%
Début des réformes de Deng Xiaoping 1978
41%
Fin de la Dynastie Han 220
33%
Qin Shi Huang devient empereur de Chine -221
31%
Début de la Première Guerre de l'Opium 1842
29%
Révolte des Boxers 1899
25%
Début de l'invasion de la Chine par Gengis Khan 1211
18%
Révolte des Taiping (Début) 1851
18%
Bataille de Talas contre les Arabes 751
14%
Bataille de la Falaise Rouge 208
12%
Inauguration de la Cité Interdite 1420
10%
Mort de Wu Zetian 705
10%
Premier Voyage de Zheng He 1405
8%
Installation des Portugais à Macao 1517
8%
Mort de l'empereur Kangxi 1722
8%
Révolte d'An Lushan 755
8%
Révolte des Turbans Rouges (Début) 1351
4%
Aucun quiz correspondant
Distribution des résultats
% des personnes avec chaque résultat
Percentile par nombre de réponses
Votre historique - résultats
Vous n’avez pas pris ce quiz